000 00577nam a22002177a 4500
003 UA-OsUOA
001 71340
007 ta
008 20101021b un ||||| |||| 00| 0 ukr d
100 _aІсіченко І.
090 _a82
_bИ99
942 _cSA
040 _aUA-OsUOA
_bukr
_cUA-OsUOA
_dUA-OsUOA
245 _aБароко - мистецький стиль і літературна доба
300 _aС.27-35
955 _a0
041 _aukr
080 _a82
773 0 _w71338
650 7 _a82 Література. Літературознавство
_2UDC
999 _c357620
_d357620